Endocrine Histology: Anterior Pituitary Gland - Statistics

General Stats
  • This quiz has been taken 8 times
  • The average score is 1 of 6
Answer Stats
Hint Answer % Correct
Anterior Pituitary Gland Thyroid-stimulating hormone
75%
Anterior Pituitary Gland Growth hormone
25%
Anterior Pituitary Gland Prolactin
25%
Anterior Pituitary Gland Adrenocorticotropic hormone
0%
Anterior Pituitary Gland Follicle-stimulating hormone
0%
Anterior Pituitary Gland Luteinizing hormone
0%
No matching quizzes found
Score Distribution
Percent of People with Each Score
Percentile by Number Answered
Your Score History
You have not taken this quiz